000
00341 a2200157 4500
001
56448
020
_a
8570561768
040
_c
Anchieta - Pituba
100
_a
Albergaria, Lino de
240
1
0
_a
O relógio do mundo
_l
por
245
1
0
_a
O relógio do mundo
300
_a
60
362
0
_a
1989
650
4
_a
Literatura juvenil
942
_c
BK
999
_c
56448
_d
56448